Quizzes
Events
Quiz Creation
Community
Videos
Private Events
Remove Ads
Sign In
Join for FREE
Feedback
Dark Mode
Quiz Categories
Sports
Geography
Music
Movies
Television
Just For Fun
Miscellaneous
History
Literature
Language
Science
Gaming
Entertainment
Religion
Holiday
For Kids
Quiz Lab
Recent
Popular Today
Quiz Kudos Today
Editor Picks
Curator Picks
Quizzes by...
Day
Popularity
Type
Ratings
Length
Year
Community
Subscriptions
Recent Discussions
Orange Saloon
Badges
Playlists
Quests
Create
Leaderboards
Showdown
Live 5
Trivia Bingo
Activity
Puzzle Library
Sporcle Events
Private Events
Virtual Trivia
Globe League
Become a Host
Pub Owners
SporcleCon
Opinionation
Our Games
Videos
Blog
Mobile Apps
Partnerships
Remove Ads and Go Orange
Feedback
Geography
Country
Landmarks
City
State
Population
World
Capital
Continent
Flags
Europe
Africa
Asia
South America
North America
Oceania
Border
Canada
United Kingdom
Topography
United States
Geography
Country
Landmarks
City
State
Population
World
Capital
Continent
Flags
Europe
Africa
Asia
South America
North America
Oceania
Border
Canada
United Kingdom
Topography
United States
Random Quiz
Search Sporcle
×
Quiz Lab
Quiz Lab
Geography
State
Type in answers that appear in a list
Type in answers that appear in a list
Classic
Best Score? Go Orange.
Countries That Are Also U.S. Cities Stats
Can you name the countries of the world that are also the names of cities in the U.S.?
By
dudemanbearpig
5m
28 Questions
507 Plays
507 Plays
507 Plays
Comments
Comments
Give Quiz Kudos
Give Quiz Kudos
-
- Ratings
hide this ad
More Info
Random Order
Randomize order of answers
Randomize order of answers
Replay
Link that replays current quiz
Next Quiz
Link to next quiz in quiz playlist
You Got
0%
They Got
Avg Score
57%
Avg Friend Score
Upgrade to see
Score Distribution
Jump to the score distribution portion of the page
Score
0/28
Timer
05:00
0
Plays Today
States
Countries/Cities
% Correct
ME, MO, NY
Mexico
86.2%
ME, TX
China
83.4%
IN
Brazil
79.1%
TX
Italy
75.9%
AR
Egypt
75.3%
ME
Sweden
74.7%
IA, ME, MI, SC
Norway
73.1%
AL, IL, KS, MO, NM, NY
Cuba
68.4%
NC, TX
Turkey
66.6%
IL, IN, KS, ME, MA, NE, VT
Peru
66%
ME, NY, OH
Poland
65.8%
ME, SC, WI
Denmark
65.6%
IL, WI
Belgium
59.5%
VT
Georgia
55.7%
States
Countries/Cities
% Correct
IN
Morocco
55.7%
IL, IA, NE, OK
Panama
54.3%
MN, MT, NY
Jordan
53%
IA, VT
Jamaica
52.2%
CT, IL, IN, KS, KY, ME, MO, NE, NH, NJ, OH, OR, PA, SD, TN, VA
Lebanon
48.4%
ID, IL, MT, OH
Malta
41.3%
OH
Russia
36.4%
TX
Sudan
36%
NC
Bolivia
33%
MS
Grenada
29.8%
CA
San Marino
27.9%
IN, NY
Angola
23.1%
AR, IL, OH, TX
Palestine
23%
IL, IA, OH
Macedonia
16%
Quiz Playlist
Details
Report
Send in Message
Add To Playlist
More Info:
Only includes incorporated cities, towns (except NY and WI), villages, and boroughs. Only includes cities with the English name of the country.
Classic:
Type in answers that appear in a list
Random Order:
Randomize order of answers
Last Updated: Feb 16, 2017
Quiz Scoreboard
CHALLENGE
Sign Up to Join the Scoreboard
Show All
Scores
Hide
Comments
May contain spoilers
Recently Published
Movies - When Are They Set?
by FPL_Elf
Movies
5m
Popular People in 1961
by mucciniale
History
6m
1-10 Letter E Words III
by El_Dandy
Language
2m
More to Explore
Quiz From the Vault
Featured Blog Post
Where Did the Easter Bunny Come From?
hide this ad
You Might Also Like...
Tags
City Quiz
Country Quiz
State Quiz
World Quiz
Today's Top Quizzes in Geography
Browse Geography
hide this ad
Today's Top Quizzes in State
Browse State
Top Contributed Quizzes in Geography
1
Countries of the World - No Outlines Minefield
2
Top 25 Cities of France on a map
3
Closest Countries to UK A-Z
4
African Flag Reveal XLV
5
Blind Ultimate Minefield: USA
6
One Thing in Common: United Kingdom
7
Blind Secret Country CLXXXVIII
8
One Thing in Common: Asia
9
Find the US States - No Outlines
10
One Thing in Common: Geography
Explore More
Trending Topics
Kpop
Crossword
Disney
Anime
Harry Potter
Marvel
NBA
The Office
Country
Pokémon
NFL
Soccer
WWE
Puzzle
Song
hide this ad
More By:
dudemanbearpig
Quiz
Plays
Rating
Category
Featured
Created
WWE Royal Rumble Final Four
309,003
4.45
Sports
Dec 1, 2009
Top 50 Females in Harry Potter
137,449
4.67
Literature
May 10, 2012
Top 25 Non-Humans in Harry Potter
68,934
4.83
Literature
Apr 30, 2012
WrestleMania: 5+ in a Row
63,492
4.54
Sports
Apr 3, 2012
Black WWE PPV Competitors
14,898
4.34
Sports
Nov 6, 2011
Go to Creator's Profile
Score Distribution
Quiz Creator Spotlight
dudemanbearpig
Follow
Send a Message
Quizzes Created
-
Created Quiz Play Count
-
More By This Creator
Popular Quizzes Today
1
Find the US States - No Outlines Minefield
2
Find the Countries of Europe - No Outlines Minefield
3
The Countries of the World
4
Popular People in 1961
5
1-10 Letter E Words III
6
US States
7
Find the US States
8
One Thing in Common: World Cities II
More Geography Quizzes
4 to 1 Blitz: Poland
Quiz Lab
Trending Quizzes
Risky Map Clicking: Least Populous States A-Z
1-10 Letter F Words
1-10 Letter G Words
One Thing in Common: United Kingdom
Risky Map Clicking: Next State Alphabetically
Recently Updated
Leaping Animals
pecheneg
Reality TV Shows (A-Z)
bhenderson79
Rickey Henderson's Hall of Fame Teammates
pecheneg
Champions League XIs: Arsenal
pecheneg
Quick Pick: Celebrities in WWE's Hall of Fame
aduchscher
A-Z Keypad Blitz II
pecheneg
Multiple Oscar Actors
pecheneg
Mystery Phrase Blitz: Oscar 'Best Actors'
pecheneg
F. Scott Fitzgerald Novels
LTH
Pick 3 Villains
ddd62291
Trending Topics
Disney
Crossword
Anime
NBA
Kpop
Harry Potter
Marvel
Puzzle
Song
Soccer
Country
WWE
The Office
NFL
Pokémon
Your Account Isn't Verified!
In order to create a playlist on Sporcle, you need to verify the email address you used during registration. Go to your
Sporcle Settings
to finish the process.
Report this User
Report this user for behavior that violates our
Community Guidelines
.
Details:
Send Report
Go to the Sporcle.com Mobile Site →
Comments